000 00959cam a2200253 a 4500
001 000001689
005 20200929145650.0
008 970224s1998 mx ac b 001 0 spa
020 _a9701701224
020 _a013521758X
040 _aDO-SdBNP
_bspa
_cBNPHU
041 1 7 _aspa
_heng
082 _a005.65
_bR896a
100 1 _aRuble, David A.
_95489
245 1 0 _aAnálisis y diseño práctico para sistemas clientes-servidor con GUI /
_cDavid A. Ruble ; traducción de Sergio Luis María Ruiz Faudón.
260 _aMéxico :
_bPrentice Hall,
_c1998.
300 _axxvii, 514 p. :
_bil., retrs. ;
_c24 cm.
500 _aTítulo original: Practical analysis & design for client/server & GUI systems
504 _aIncluye referencias bibliográficas y notas al pie de las páginas.
504 _aBibliografía: p. 507-509
650 4 _aAnálisis de redes
_95490
650 4 _aDiseño de sistemas de trabajo
_95491
700 1 _aFaudón, Luis Ruiz
_etr.
_95492
999 _c1570
_d1570